Online
Catalog

Johannis de Oria Opera Logica : (Record no. 41406)

MARC details
000 -CABECERA
campo de control de longitud fija 00918nam a2200217 a 4500
001 - NÚMERO DE CONTROL
campo de control 000041917
005 - FECHA Y HORA DE LA ÚLTIMA TRANSACCIÓN
campo de control 20201002035829.0
008 - DATOS DE LONGITUD FIJA--INFORMACIÓN GENERAL
campo de control de longitud fija 131022s1990 sp 000 0 spa d
020 ## - NÚMERO INTERNACIONAL ESTÁNDAR DEL LIBRO
Número Internacional Estándar del Libro 840007095X
040 ## - FUENTE DE LA CATALOGACIÓN
Centro catalogador/agencia de origen DO-SdBNP
Lengua de catalogación spa
Centro/agencia transcriptor BNPHU
100 1# - ENTRADA PRINCIPAL--NOMBRE DE PERSONA
Nombre de persona Oria, Juan de
9 (RLIN) 68814
245 10 - MENCIÓN DE TÍTULO
Título Johannis de Oria Opera Logica :
Resto del título Summularum Volumen Secundum /
Mención de responsabilidad, etc. establecimiento y corrección del texto, introducción, bibliografía y notas Vicente Muñoz Delgado.
246 10 - FORMA VARIANTE DE TÍTULO
Título propio/Titulo breve Opera lógica
260 ## - PUBLICACIÓN, DISTRIBUCIÓN, ETC.
Lugar de publicación, distribución, etc. Madrid :
Nombre del editor, distribuidor, etc. Consejo Superior de Investigaciones Científicas, Centro de Estudios Históricos,
Fecha de publicación, distribución, etc. 1990.
300 ## - DESCRIPCIÓN FÍSICA
Extensión v. ;
Dimensiones 25 cm.
490 1# - MENCIÓN DE SERIE
Mención de serie Bibliotheca Theologica Hispana.
505 2# - NOTA DE CONTENIDO CON FORMATO
Nota de contenido con formato v. 2
Título Tractatus de enuntiatione
700 1# - PUNTO DE ACCESO ADICIONAL--NOMBRE DE PERSONA
Nombre de persona Muñoz Delgado, Vicente
9 (RLIN) 68815
710 2# - PUNTO DE ACCESO ADICIONAL--NOMBRE DE ENTIDAD CORPORATIVA
Nombre de entidad corporativa o nombre de jurisdicción como elemento de entrada Consejo Superior de Investigaciones Científicas, Centro de Estudios Históricos
9 (RLIN) 68816
830 #0 - PUNTO DE ACCESO ADICIONAL DE SERIE-TÍTULO UNIFORME
Título uniforme Bibliotheca Theologica Hispana.
9 (RLIN) 68817
Holdings
Estado de retiro Estado de pérdida Restricciones de uso No para préstamo Código de colección Localización permanente Ubicación/localización actual Ubicación en estantería Fecha de adquisición Número de inventario Total de préstamos Signatura topográfica completa Código de barras Fecha visto por última vez Precio válido a partir de Tipo de ítem Koha
      Excluido de préstamo Monografías: Libros y Folletos General General En catalogación 22.10.2013 LF1   41917-10 25.06.2020 25.06.2020 No se presta

Powered by Koha